Global tourism
Saved in:
| Other Authors: | |
|---|---|
| Format: | Book |
| Language: | English |
| Published: |
Oxford :
Butterworth-Heinemann,
c1998.
|
| Edition: | 2η εκδ. |
| Subjects: | |
| Tags: |
Add Tag
No Tags, Be the first to tag this record!
|
MARC
| LEADER | 00000cam a2200000 i 4500 | ||
|---|---|---|---|
| 001 | 1/100996 | ||
| 008 | 981126s1998 eng d | ||
| 020 | |a 0-7506-1568-0 (pbk.) | ||
| 020 | |a 0-7506-4022-7 | ||
| 035 | |l 10057500 | ||
| 040 | |a GR-MY-UA |b gre |e aacr | ||
| 041 | 0 | |a eng | |
| 082 | 0 | |a 338.4971 | |
| 245 | 1 | 0 | |a Global tourism / |c edited by William F. Theobald. |
| 250 | |a 2η εκδ. | ||
| 260 | |a Oxford : |b Butterworth-Heinemann, |c c1998. | ||
| 300 | |a xxii, 503 σ. | ||
| 504 | |a Περιέχει βιβλιογραφίες και ευρετήριο. | ||
| 650 | 0 | 0 | |a Tourism. |
| 700 | 1 | |a Theobald, William F., |d 1934- |e edt | |
| 852 | |a INST |b CHIOS |e 20000207 |h 338.4791 GLO |p 005200018999 |q 005200018999 |t BK |y 0 | ||
| 852 | |a INST |b CHIOS |e 20040519 |h 338.4791 GLO |p 005200023201 |q 005200023201 |t BK |y 0 | ||
| 852 | |a INST |b LESVOS |e 19981126 |h 338.4791 GLO |p 005100018523 |q 005100018523 |t BK |y 0 | ||
| 901 | |a BIBL-1999-1 | ||
| 901 | |a BIBL2-2000-1 | ||
| 901 | |a BIBL2-2003-3 | ||
| 909 | |a Λ |b 060331 | ||
| 909 | |a Χ |b 074293 | ||
| 909 | |a Χ |b 108895 | ||
| 922 | |a 1ΕΛΗ |b 199810 |c ΚΠΣ/ΤΓ |d ΠΑΠΑΣΩΤΗΡΙΟΥ | ||
| 922 | |a 2ΕΛΗ |b 199912 |c ΤΔΕ |d ΠΑΠΑΣΩΤΗΡΙΟΥ | ||
| 950 | |a 112-1999-11-11 | ||
| 950 | |a 118-1998-07-21 | ||